Digital Electronics (Record no. 4370)
[ view plain ]
| 000 -LEADER | |
|---|---|
| fixed length control field | 00325nam a2200133Ia 4500 |
| 008 - FIXED-LENGTH DATA ELEMENTS--GENERAL INFORMATION | |
| fixed length control field | 191201s1999 xx 000 0 und d |
| 082 ## - DEWEY DECIMAL CLASSIFICATION NUMBER | |
| Classification number | 621.381958 |
| Item number | GRD |
| 100 ## - MAIN ENTRY--PERSONAL NAME | |
| Personal name | GREEN, D.C. |
| 245 #0 - TITLE STATEMENT | |
| Title | Digital Electronics |
| 260 ## - PUBLICATION, DISTRIBUTION, ETC. (IMPRINT) | |
| Place of publication, distribution, etc | N.Delhi |
| Name of publisher, distributor, etc | person Education |
| Date of publication, distribution, etc | 1999 |
| 300 ## - PHYSICAL DESCRIPTION | |
| Extent | 398 |
| 650 ## - SUBJECT ADDED ENTRY--TOPICAL TERM | |
| Topical term or geographic name as entry element | B.Tech(ECE) |
| 942 ## - ADDED ENTRY ELEMENTS (KOHA) | |
| Source of classification or shelving scheme | Dewey Decimal Classification |
| Koha item type | Text Books |
| 942 ## - ADDED ENTRY ELEMENTS (KOHA) | |
| -- | 5 |
| Withdrawn status | Lost status | Source of classification or shelving scheme | Damaged status | Not for loan | Collection code | Home library | Current library | Date acquired | Source of acquisition | Cost, normal purchase price | Bill Number | Total Checkouts | Full call number | Acc. no. / Barcode | Date last seen | Date last borrowed | Bill Date | Koha item type |
|---|---|---|---|---|---|---|---|---|---|---|---|---|---|---|---|---|---|---|
| Dewey Decimal Classification | B.Tech(ECE) | PIET C-LIBRARY | PIET C-LIBRARY | 02/02/2010 | J B C, New Delhi | 375.00 | SI-4430 | 2 | 621.381958 GRD | 14654 | 05/02/2024 | 25/01/2024 | 01/02/2010 | Text Books | ||||
| Dewey Decimal Classification | B.Tech(ECE) | PIET C-LIBRARY | PIET C-LIBRARY | 02/02/2010 | J B C, New Delhi | 375.00 | SI-4430 | 6 | 621.381958 GRD | 14655 | 26/12/2025 | 15/12/2025 | 01/02/2010 | Text Books | ||||
| Dewey Decimal Classification | B.Tech(ECE) | PIET C-LIBRARY | PIET C-LIBRARY | 02/02/2010 | J B C, New Delhi | 375.00 | SI-4430 | 4 | 621.381958 GRD | 14656 | 26/12/2025 | 15/12/2025 | 01/02/2010 | Text Books | ||||
| Dewey Decimal Classification | B.Tech(ECE) | PIET C-LIBRARY | PIET C-LIBRARY | 02/02/2010 | J B C, New Delhi | 375.00 | SI-4430 | 8 | 621.381958 GRD | 14657 | 26/12/2025 | 15/12/2025 | 01/02/2010 | Text Books | ||||
| Dewey Decimal Classification | B.Tech(ECE) | PIET C-LIBRARY | PIET C-LIBRARY | 02/02/2010 | J B C, New Delhi | 375.00 | SI-4430 | 621.381958 GRD | 14658 | 04/12/2019 | 01/02/2010 | Text Books |